000 00718nam a2200265Ia 4500
003 OSt
005 20221006151214.0
006 a|||||r|||| 00| 0
007 ta
008 221006b |||||||| |||| 00| 0 jpn d
020 _c¥2200
024 _a21,293
037 _bGift, Japan Foundation
_cTextual
040 _aEASL
_cEASL
_bjpn
041 _2jpn
_ajpn
082 _aY73(P42)ObZ42, M8
100 _aOKI Masao
_9658564
245 0 _aNihonjin no hokannen
260 _aTokyo
_bTokyo University Press Japan
_c1988
300 _a254+4p.
_ccm.
490 _v JL
650 _aJL
942 _hY73(P42)ObZ42, M8
_cTEXL
_2CC
999 _c1089379
_d1089379